000 00638nam a22002057a 4500
999 _c4999
_d4999
003 AR-CdUCM
008 190311b ||||| |||| 00| 0 spa d
040 _aMUNICIPALIDAD PROVINCIAL DEL CUSCO
_cBIBLIOTECA MUNICIPAL DEL CUSCO
082 _a869.56 /
_bB88
100 _aBueno Román, Víctor
_915293
245 _aTránsito a la poesía :
_b(poemas) 1968-1974 /
260 _aAyacucho :
_bUniversidad de Huamanga,
_c1978.
300 _a67 hojas ;
_c21 cm.
500 _aDonación de la familia Nieto
650 _aPerú
_935
650 _aPoesía de Ayacucho
_915294
650 _aSiglo XX
_98
942 _2ddc
_cLIBROS
945 _araen